MARC

LEADER 00000nam0a2200000 4500
001 128144
005 20231101220110.0
020 |a RU  |b 86-18428 
035 |a (RuTPU)RU\TPU\book\138599 
090 |a 128144 
100 |a 20071224d1986 m y0rusy5003 ca 
101 1 |a rus  |c fre 
102 |a RU 
105 |a y z 000zy 
200 1 |a Избранное  |e [Пер. с фр.]  |f П. Мериме  |g сост. , вступ. ст. и коммент. С. Д. Артамонов 
210 |a Москва  |c Советская Россия  |d 1986 
215 |a 542,[2] с.  |d 17 см 
225 1 |a Художественная и публицистическая библиотека атеиста 
327 1 |a Содерж.: Хроника царствования Карла IX; Из "Театра Клары Газуль": Женщина-дьявол, или Искушение святого Антония; Небо и ад; Карета святых даров; Случайность; Души чистилища 
610 1 |a французская литература 
610 1 |a романы 
610 1 |a пьесы 
675 |a 84  |z rus 
700 1 |a Мериме  |b П.  |c французский писатель  |f 1803-1870  |g Проспер  |2 stltpush  |3 (RuTPU)RU\TPU\pers\17086  |9 6226 
702 1 |a Артамонов  |b С. Д.  |4 220 
801 0 |a RU  |b RuMRKP  |c 19950704  |g psbo 
801 1 |a RU  |b 63413507  |c 20071224  |g PSBO 
801 2 |a RU  |b 63413507  |c 20071224  |g PSBO 
942 |c BK